000 00289cam a2200109ua 4500
082 _a828.09
_bHUD/EN
100 _aHudson, Derek .
_91820
245 _aEnglish Critical Essays: Twentieth Century /
260 _aLondon :
_bOxford University Press ,
_c1958.
300 _a363 ; .
942 _cBK
999 _c3756
_d3756